00904nab a2200193 i 4500001000400000003000400004005001700008008003900025040000800064080000700072100012300079245010200202260001000304500002100314520024200335650003500577650002400612773007400636BPPBPK20160119120501.0160119s1978 pl | | |000 ||pol cBPK a63 aHOŁUBOWICZ, Kazimierz.d1976 -1979.bWyższa Szkoła Inżynierska w Koszalinie - Instytut Inżynierii Środowiska aZmiany strukturalne w rolnictwie Pomorza Środkowego /cKazimierz Hołubowicz, Józef Januszko. c1978. aDane z autopsji. aPrzedstawiona w artykule sytuacja rolnictwa na Pomorzu Środkowym, jej zmiany strukturalne, naturalne tendencje demograficzne i organizacyjne świadczą o tym, że gospodarka żywnościowa ma tu szczególnie dobre warunki rozwoju. 0aPomorze Zachodnie - rolnictwo. 0aWzrost gospodarczy. iW :tKoszalińskie Studia i Materiały. -g1978, nr 3 (23), s. 31-41